"Budapesti ősz" ; Mikrokozmosz ; Éjjeli üzenet [versek] /

Elmentve itt :
Bibliográfiai részletek
Szerző: Báger Gusztáv
Dokumentumtípus: Cikk
Megjelent: 2007
Sorozat:Tiszatáj 61 No. 3
Kulcsszavak:Magyar irodalom - vers
Online Access:http://tiszataj.bibl.u-szeged.hu/19640
LEADER 00608nab a2200181 i 4500
001 tisza19640
005 20200331091935.0
008 161103s2007 hu o 0|| hun d
022 |a 0133-1167 
040 |a SZTE Tiszatáj Archívum  |b hun 
041 |a hun 
100 1 |a Báger Gusztáv 
245 1 0 |a "Budapesti ősz" ; Mikrokozmosz ; Éjjeli üzenet   |h [elektronikus dokumentum] :  |b [versek] /  |c  Báger Gusztáv 
260 |c 2007 
300 |a 22-23 
490 0 |a Tiszatáj  |v 61 No. 3 
695 |a Magyar irodalom - vers 
856 4 0 |u http://tiszataj.bibl.u-szeged.hu/19640/1/tiszataj_2007_003_022-023.pdf  |z Dokumentum-elérés